Az ellenzék nagy győzelmet aratott a szőregi képviselő testületi választáson nyolc mandátumból ötöt kaptak a Független Kisgazdapárt jelöltjei : nyilasok még csak egy póttagságot sem tudtak szerezni
Elmentve itt :
| Dokumentumtípus: | Cikk |
|---|---|
| Megjelent: |
1938-01-09
|
| Sorozat: | Délmagyarország
14 No. 6 |
| Online Access: | http://dmarchiv.bibl.u-szeged.hu/49830 |
| LEADER | 00556nab a2200133 i 4500 | ||
|---|---|---|---|
| 001 | delm49830 | ||
| 005 | 20180927134837.0 | ||
| 008 | 180927s1938 hu o 0|| hun d | ||
| 040 | |a SZTE Délmagyarország Archívum |b hun | ||
| 041 | |a hun | ||
| 245 | 0 | 3 | |a Az ellenzék nagy győzelmet aratott a szőregi képviselő testületi választáson |h [elektronikus dokumentum] : |b nyolc mandátumból ötöt kaptak a Független Kisgazdapárt jelöltjei : nyilasok még csak egy póttagságot sem tudtak szerezni |
| 260 | |c 1938-01-09 | ||
| 300 | |a 5 | ||
| 490 | 0 | |a Délmagyarország |v 14 No. 6 | |